000 00486nam a2200181Ia 4500
005 20250923144553.0
008 008 250917s9999 xx 000 0 eng d
037 _aTextual
040 _aDSWL
_beng
_cDSWL
041 _aeng
_2eng
084 _qDSWL
100 _aManshardt, Cliffond
_9826207
245 4 _aThe group Vol. II 1948-49
_cby Cliffond Manshardt.
260 _aNew York
_bNew York
_c1949
300 _a84p.
942 _cTEXL
999 _c1440643
_d1440643